Normal view
MARC view
- Mateen ur Rehman Murtaza
Entry Personal Name
001 - CONTROL NUMBER
- control field: 128876
003 - CONTROL NUMBER IDENTIFIER
- control field: NUST
005 - DATE AND TIME OF LATEST TRANSACTION
- control field: 20250508104057.0
008 - FIXED-LENGTH DATA ELEMENTS
- fixed length control field: 250508|| aca||aabn | a|a d
040 ## - CATALOGING SOURCE
- Original cataloging agency: NUST
- Transcribing agency: NUST
100 ## - HEADING--PERSONAL NAME
- Personal name: Mateen ur Rehman Murtaza
670 ## - SOURCE DATA FOUND
- Source citation: Work cat.: (NUST)563376: Mateen ur Rehman Murtaza , Taa,ruf-e-Ablagh-e-Aama /, 2000
